000 01065nam0a2200325 4500
001 RU\NLR\BIBL_A\011971073
005 20190405132557.0
010 _a978-5-17-108823-1
_94000
021 _aRU
_bКН-П-19-013641
_9КН-П-19-1016
035 _a(NLR Aleph) 011971073
035 _a(RuMoRGB)009902610
090 _a11256499
_c11256499
100 _a20190325d2019 u y0rusy50 ca
101 1 _arus
_ceng
102 _aRU
105 _ay|||z|||000ay
200 1 _aЖнец у ворот
_e[роман]
_fСаба Тахир
_g[пер. с англ. А. Дубининой]
210 _aМосква
_cАСТ
_d2019
215 _a510, [1] с.
_d21
225 1 _aСказки нового мира
320 _aДр. кн. авт. на 2-й с.
333 _a16+
686 1 _aШ6(7США)67-445(Лх1979-62)
700 1 _7ca
_8rus
_aТахир
_bС.
_f1983-
_gСаба
_9156837
_3RU\NLR\AUTH\770156877
942 _cBOOK
980 _aNBR
980 _aNB